01088nam a2200253 i 450000100060000000300090000600500170001500700030003200800410003502000180007604000220009408000190011610000340013524501070016926001280027630000290040450001130043365100290054670000270057571000600060285200330066299900170069595201220071266606ES-MaACL20250902085359.0t|020408s2001 sp ||||0| spa d a84-89318-01-8 aM-BN bspa cM-BN a94(460.152 B.)1 aCava, María Jesús.93713310aBilbao, "de villa mercantil a metrópoli cultural" / cMaría Jesús Cava Mesa, Begoña Cava Mesa. aMadrid : bDelegación en Corte, Departamento de Publicaciones, Real Sociedad Bascongada de los Amigos del País, c2001. a60 p. : bil. ; c21 cm. aPrecede al tít.: Real Sociedad Bascongada de los Amigos del País = Euskalerriraren Adiskideen Elkarteak. 4aBilbao-xHistoria.978811 aCava, Begoña.9371312 aReal Sociedad Bascongada de los Amigos del País96366 aES-MaACLjL-27105 bR.132618 c66606d66606 00104070aATENEOMbATENEOMcDEPO2d2008-01-17eSCl0oL-27105p1069768r2023-02-23 00:00:00w2023-02-23yMONOGRAFIA